ბათუმის შოთა რუსთაველის სახელმწიფო უნივერსიტეტის ბიბლიოთეკა

ზოგადი მეტყევეობა (ბიბ.ჩანაწერი № 44490)

000 -LEADER
fixed length control field 00664nam a2200217Ia 4500
001 - CONTROL NUMBER
control field 11288
003 - CONTROL NUMBER IDENTIFIER
control field GE_BSU
008 - FIXED-LENGTH DATA ELEMENTS--GENERAL INFORMATION
fixed length control field 181216s||||||||xx |||||||||||||| ||und||
040 ## - CATALOGING SOURCE
Transcribing agency GE_BSU
080 ## - UNIVERSAL DECIMAL CLASSIFICATION NUMBER
Universal Decimal Classification number 630.2(075.8)
100 ## - MAIN ENTRY--PERSONAL NAME
Personal name გულისაშვილი ვ.ზ.
245 ## - TITLE STATEMENT
Title ზოგადი მეტყევეობა
245 ## - TITLE STATEMENT
Statement of responsibility, etc. რედ: ვ. მათიკაშვილი
260 ## - PUBLICATION, DISTRIBUTION, ETC.
Place of publication, distribution, etc. თბილისი.
260 ## - PUBLICATION, DISTRIBUTION, ETC.
Name of publisher, distributor, etc. სას-სამ. ინ-ტის გამ-ბა
260 ## - PUBLICATION, DISTRIBUTION, ETC.
Date of publication, distribution, etc. 1957
300 ## - PHYSICAL DESCRIPTION
Extent 460გვ.26სმ.
300 ## - PHYSICAL DESCRIPTION
Accompanying material ილ.
653 ## - INDEX TERM--UNCONTROLLED
Uncontrolled term ზოგადი მეტყევეობა
942 ## - ADDED ENTRY ELEMENTS (KOHA)
Koha item type წიგნი
ეგზემპლარები
Withdrawn status Lost status Damaged status Not for loan Date acquired Barcode Date last seen Price effective from Koha item type
        2018-12-17 19443 2018-12-17 2018-12-17 წიგნი
        2018-12-17 19444 2018-12-17 2018-12-17 წიგნი
        2018-12-17 19445 2018-12-17 2018-12-17 წიგნი
        2018-12-17 19446 2018-12-17 2018-12-17 წიგნი
        2018-12-17 19447 2018-12-17 2018-12-17 წიგნი
        2018-12-17 19448 2018-12-17 2018-12-17 წიგნი
        2018-12-17 19449 2018-12-17 2018-12-17 წიგნი
        2018-12-17 19450 2018-12-17 2018-12-17 წიგნი
        2018-12-17 19451 2018-12-17 2018-12-17 წიგნი
        2018-12-17 19452 2018-12-17 2018-12-17 წიგნი
        2018-12-17 19453 2018-12-17 2018-12-17 წიგნი
        2018-12-17 19454 2018-12-17 2018-12-17 წიგნი
        2018-12-17 19455 2018-12-17 2018-12-17 წიგნი
        2018-12-17 19456 2018-12-17 2018-12-17 წიგნი
        2018-12-17 19457 2018-12-17 2018-12-17 წიგნი
        2018-12-17 19458 2018-12-17 2018-12-17 წიგნი
        2018-12-17 19459 2018-12-17 2018-12-17 წიგნი
        2018-12-17 19460 2018-12-17 2018-12-17 წიგნი
        2018-12-17 19461 2018-12-17 2018-12-17 წიგნი
        2018-12-17 19462 2018-12-17 2018-12-17 წიგნი
        2018-12-17 19463 2018-12-17 2018-12-17 წიგნი
        2018-12-17 19464 2018-12-17 2018-12-17 წიგნი
        2018-12-17 19465 2018-12-17 2018-12-17 წიგნი
        2018-12-17 19466 2018-12-17 2018-12-17 წიგნი
        2018-12-17 19467 2018-12-17 2018-12-17 წიგნი